书目信息 |
| 题名: |
草本观花植物
|
|
| 作者: | 孙卫邦 , 管开云 主编 | |
| 分册: | 一 | |
| 出版信息: | 北京 中国建筑工业出版社 2004.03 |
|
| 页数: | 146页 | |
| 开本: | 21cm | |
| 丛书名: | 中国观赏植物图鉴丛书 | |
| 单 册: | ||
| 中图分类: | Q949.4-64 | |
| 科图分类: | ||
| 主题词: | 草本植物--cao ben zhi wu--花卉--图谱 | |
| 电子资源: | ||
| ISBN: | 7-112-06228-4 | |
| 000 | 00999nam 2200265 450 | |
| 001 | 012007844964 | |
| 005 | 20070921100929.45 | |
| 010 | @a7-112-06228-4@dCNY40.00 | |
| 100 | @a20050430d2004 km y0chiy0120 ea | |
| 101 | 0 | @achi |
| 102 | @aCN@b110000 | |
| 105 | @aa z 001yy | |
| 200 | 1 | @a草本观花植物@Acao ben guan hua zhi wu@h一@f孙卫邦, 管开云主编@Fsun wei bang,guan kai yun zhu bian |
| 210 | @a北京@c中国建筑工业出版社@d2004.03 | |
| 215 | @a146页@c彩图@d21cm | |
| 225 | 2 | @a中国观赏植物图鉴丛书@Azhong guo guan shang zhi wu tu jian cong shu |
| 320 | @a有索引。 | |
| 330 | @a本书收录了101种的植物(不含变种、品种等),以原产中国或集中分布于中国的类群为主。对每个类群的中文名、俗名、主要形态特征、生活环境等诸多方面作了描述。 | |
| 410 | 0 | @12001 @a中国观赏植物图鉴丛书 |
| 606 | 0 | @a草本植物@Acao ben zhi wu@x花卉@j图谱 |
| 690 | @aQ949.4-64@v4 | |
| 701 | 0 | @a孙卫邦@Asun wei bang@4主编 |
| 701 | 0 | @a管开云@Aguan kai yun@4主编 |
| 801 | 0 | @aCN@c20070921 |
| 905 | @dQ949.4-64@eS950:1 | |
| 草本观花植物.一/孙卫邦, 管开云主编.-北京:中国建筑工业出版社,2004.03 |
| 146页:彩图;21cm.-(中国观赏植物图鉴丛书) |
| ISBN 7-112-06228-4:CNY40.00 |
| 本书收录了101种的植物(不含变种、品种等),以原产中国或集中分布于中国的类群为主。对每个类群的中文名、俗名、主要形态特征、生活环境等诸多方面作了描述。 |
| ● |
| 相关链接 |
|
|
|
正题名:草本观花植物
索取号:Q949.4-64/S950:1
 
预约/预借
| 序号 | 登录号 | 条形码 | 馆藏地/架位号 | 状态 | 备注 |
| 1 | 260089 | 202600890 | 自科库401/ [索取号:Q949.4-64/S950:1] |
已借出,限还日期为2024.10.15 借出人:柳静 |
|
| 2 | 260090 | 202600907 | 自科库401/401自科库 36排1列2层/ [索取号:Q949.4-64/S950:1] | 在馆 |